000 00651nam a2200253Ia 4500
005 20260121161152.0
008 008 260114s9999 xx 000 0 eng d
020 _a9781003224242
037 _aEBOOK
040 _aCRL
040 _beng
040 _cCRL
041 _2eng
041 _aeng
084 _qCRL
100 _aAlexis Heraclides; Ylli Kromidha
_91041061
245 0 _aGreek-Albanian Entanglements since the Nineteenth Century:A History
260 _bTaylor and Francis
260 _c2024
856 _uhttp://www.taylorfrancis.com/books/9781003224242
942 _cEBOOK
999 _c1607877
_d1607877